Atmospheres and ionospheres of the outer planets and their satellites (Record no. 10141)

MARC details
000 -LEADER
fixed length control field 00702nam a2200217Ia 4500
003 - CONTROL NUMBER IDENTIFIER
control field IN-BaIIA
008 - FIXED-LENGTH DATA ELEMENTS--GENERAL INFORMATION
fixed length control field 211028s9999 xx 000 0 eng d
020 ## - INTERNATIONAL STANDARD BOOK NUMBER
International Standard Book Number 3-540-16832-X
040 ## - CATALOGING SOURCE
Transcribing agency IIA Library
080 ## - UNIVERSAL DECIMAL CLASSIFICATION NUMBER
Universal Decimal Classification number 53+54:629.19
Item number PCS-15
100 ## - MAIN ENTRY--PERSONAL NAME
Personal name Atreya, S. K.
9 (RLIN) 17183
245 #0 - TITLE STATEMENT
Title Atmospheres and ionospheres of the outer planets and their satellites
Statement of responsibility, etc. S. K. Atreya
260 ## - PUBLICATION, DISTRIBUTION, ETC.
Place of publication, distribution, etc. Berlin
Name of publisher, distributor, etc. Springer-Verlag
Date of publication, distribution, etc. 1986
300 ## - PHYSICAL DESCRIPTION
Extent xiii,224p
490 ## - SERIES STATEMENT
Series statement Physics and Chemistry in Space v.15
650 ## - SUBJECT ADDED ENTRY--TOPICAL TERM
Topical term or geographic name entry element Astronomy and Astrophysics Thesaurus
650 ## - SUBJECT ADDED ENTRY--TOPICAL TERM
Topical term or geographic name entry element Atmosphere
9 (RLIN) 458
650 ## - SUBJECT ADDED ENTRY--TOPICAL TERM
Topical term or geographic name entry element Ionosphere
650 ## - SUBJECT ADDED ENTRY--TOPICAL TERM
Topical term or geographic name entry element Outer Planets
9 (RLIN) 11188
942 ## - ADDED ENTRY ELEMENTS (KOHA)
Koha item type Books
Holdings
Withdrawn status Lost status Damaged status Not for loan Home library Current library Shelving location Date acquired Cost, normal purchase price Total Checkouts Full call number Barcode Date last seen Cost, replacement price Price effective from Koha item type Purchase Price
        IIA Library-Bangalore IIA Library-Bangalore General Stacks 01/04/1991 1938.00   53+54:629.19/ PCS-15 11051 05/11/2021 1938.00 01/04/1991 Books Rs. 1938.00

Powered by Koha